| 000 | 005060000a22001930004500 | ||
|---|---|---|---|
| 003 | LK-CoMWRAF | ||
| 005 | 20230902235520.0 | ||
| 008 | 230817t1991 ||||| |||| 00| 0 eng d | ||
| 020 | _a0701209283 | ||
| 040 |
_aLK-CoMWRAF _dLK-CoMWRAF _eLK-CoMWRAF |
||
| 041 | _aeng | ||
| 082 |
_a823 _bRUT |
||
| 100 | _aRuthven, Malise | ||
| 245 |
_aA Satanic affair : _bSalman Rushdie and the wrath of Islam |
||
| 260 |
_aLondon : _bHogarth press, _c1991 |
||
| 300 | _a210p | ||
| 650 | _aEnglish Fiction | ||
| 942 | _cBK | ||
| 999 |
_c1004 _d1004 |
||